Estadísticas para Prueba de Surinam

Haz click aquí para tomar la prueba!

Estadísticas generales

  • Esta prueba ha sido tomada 609 veces
  • La puntuación promedio es 9 de 13

Estadísticas de respuestas

PistaRespuesta% Correcto
Países limítrofesBrasil
96%
Países limítrofesGuyana
96%
Idioma oficialNeerlandés
89%
Países limítrofesFrancia
88%
Surinam y Bután son los únicos países del mundo que absorben más _____ __ _____ del que emitenDióxido de carbono
86%
Capital de SurinamParamaribo
84%
El 90% de la tierra de Surinam está cubierta de _____, el porcentaje más alto de cualquier paísBosques
82%
Moneda de SurinamDólar
62%
En 1667, Inglaterra cedió Surinam a los Países Bajos. ¿Qué recibió Inglaterra a cambio?
(pista: Hoy es una gran ciudad)
Nueva York
50%
El 27% de los surinameses descienden de trabajadores contratados que vinieron originalmente de este paísIndia
38%
El río en el que se encuentra la capitalSurinam
36%
Principal exportación de Surinam durante su historia colonialAzúcar
33%
Término para los grupos de personas que descendieron de los esclavos fugitivos
(pista: un color que comienza con C)
Cimarrones
16%

Distribución de puntuación

Porcentaje por número respondido

Porcentaje de gente con cada puntuación

Historial de tus puntuaciones

No has tomado esta prueba